[Event "Europa ch s-14"]
[Site "Herceg Novi MNT"]
[Date "2008.09.19"]
[Round "5.2"]
[White "Grib, Roman"]
[Black "Mammadov, Zaur Fazahir Oglu"]
[Result "1-0"]
[WhiteElo "2033"]
[BlackElo "2114"]
[PlyCount "139"]
[EventDate "2008.09.15"]
[EventType "swiss"]
[EventRounds "9"]
[Source "lmi"]
[SourceDate "2008.09.15"]

1. e4 c6 2. d4 d5 3. e5 Bf5 4. c4 e6 5. Nc3 Nd7 6. a3 Ne7 7. c5 a5 8. Be3 Bg6
9. f4 h5 10. Nf3 Nf5 11. Bf2 Be7 12. Be2 b6 13. b4 bxc5 14. bxc5 Rb8 15. O-O
Rb2 16. Na4 Rb7 17. Qd2 Qc7 18. Bd3 O-O 19. h3 Rfb8 20. Be1 Rb3 21. Bc2 Ne3 22.
Bxb3 Rxb3 23. Rf2 Qb7 24. Qc1 Qb5 25. Nc3 Qd3 26. Raa2 Nc4 27. Ra1 Ne3 28. Qd2
Qxd2 29. Bxd2 Nc4 30. Na4 Bd8 31. Bc1 Rb7 32. Nb2 Rb3 33. Na4 Rb7 34. Nb2 Rb3
35. Nxc4 dxc4 36. Rb2 a4 37. Nd2 c3 38. Rxb3 cxd2 39. Bxd2 axb3 40. Bc3 Ba5 41.
Bb2 Nb8 42. Kf2 Na6 43. Ke2 Nc7 44. Rf1 Nd5 45. Rf3 Bc2 46. Kf2 Bd2 47. Ke2
Bxf4 48. a4 Bg5 49. a5 Nc7 50. Rc3 Na6 51. Rf3 Bd8 52. Rf1 h4 53. Kd2 Be4 54.
Rg1 Bxa5+ 55. Ke3 Bc2 56. Ra1 Nxc5 57. dxc5 Bb4 58. Kd4 Bd2 59. Ra6 Be1 60. Ke3
Kf8 61. Rxc6 Ke8 62. Rc7 Bb4 63. c6 Bc5+ 64. Kf4 Bg6 65. Rb7 Kd8 66. Bc3 Kc8
67. Ba5 Bd3 68. Rd7 g5+ 69. Kxg5 Be3+ 70. Kf6 1-0

[Event "Europa ch s-14"]
[Site "Herceg Novi MNT"]
[Date "2008.09.19"]
[Round "5.3"]
[White "Seegert, Kristian"]
[Black "Grigoryan, Karen H"]
[Result "0-1"]
[WhiteElo "2024"]
[BlackElo "2097"]
[PlyCount "44"]
[EventDate "2008.09.15"]
[EventType "swiss"]
[EventRounds "9"]
[Source "lmi"]
[SourceDate "2008.09.15"]

1. e4 d5 2. exd5 Nf6 3. d4 Bg4 4. Be2 Bxe2 5. Qxe2 Qxd5 6. Nf3 e6 7. Nc3 Qa5 8.
Bd2 Nbd7 9. Nb5 Qb6 10. c4 c6 11. Nc3 Bb4 12. O-O O-O 13. a3 Bxc3 14. Bxc3 Qc7
15. b4 b5 16. Ne5 Nb6 17. Rac1 bxc4 18. Nxc4 Nxc4 19. Qxc4 Nd5 20. Bd2 Rac8 21.
a4 a5 22. Rb1 Rfd8 0-1

[Event "Europa ch s-14"]
[Site "Herceg Novi MNT"]
[Date "2008.09.19"]
[Round "5.4"]
[White "Feher, Adam"]
[Black "Bukavshin, Ivan"]
[Result "0-1"]
[WhiteElo "2160"]
[BlackElo "2350"]
[PlyCount "66"]
[EventDate "2008.09.15"]
[EventType "swiss"]
[EventRounds "9"]
[Source "lmi"]
[SourceDate "2008.09.15"]

1. e4 c5 2. Nf3 e6 3. d4 cxd4 4. Nxd4 a6 5. Nc3 Qc7 6. Bd3 Nf6 7. O-O b5 8. Qe2
d6 9. Kh1 Be7 10. f4 Nbd7 11. Bd2 Bb7 12. Rae1 Nc5 13. b4 Nxd3 14. cxd3 g6 15.
Rc1 Qd7 16. Nb3 O-O 17. Rc2 Rac8 18. Rfc1 Ba8 19. Be3 Nh5 20. Kg1 f5 21. g3
Rce8 22. Bd4 e5 23. fxe5 dxe5 24. Bc5 f4 25. Bxe7 Rxe7 26. Rf1 Ref7 27. Qg2
fxg3 28. Rxf7 Rxf7 29. hxg3 Qxd3 30. Nd5 Nxg3 31. Rc8+ Kg7 32. Nc5 Qd1+ 33. Kh2
Nf1+ 0-1

[Event "Europa ch s-14"]
[Site "Herceg Novi MNT"]
[Date "2008.09.19"]
[Round "5.6"]
[White "Srbis, Jurica"]
[Black "Moiseenko, Vadim"]
[Result "1/2-1/2"]
[WhiteElo "2116"]
[BlackElo "2225"]
[PlyCount "63"]
[EventDate "2008.09.15"]
[EventType "swiss"]
[EventRounds "9"]
[Source "lmi"]
[SourceDate "2008.09.15"]

1. e4 c5 2. Nf3 e6 3. d4 cxd4 4. Nxd4 Nc6 5. Nc3 Qc7 6. g3 Nf6 7. Bg2 Nxd4 8.
Qxd4 Bc5 9. Qd1 a6 10. O-O O-O 11. Qe2 d6 12. Be3 Nd7 13. Rad1 Ne5 14. Kh1 b5
15. Bxc5 Qxc5 16. Nb1 a5 17. b3 b4 18. Qd2 Ba6 19. Rfe1 Rad8 20. h3 Bb7 21. c4
Nc6 22. Qe3 Qxe3 23. Rxe3 e5 24. Nd2 Nd4 25. Nf3 Ne6 26. Ne1 Rd7 27. Kg1 Rfd8
28. h4 Kf8 29. Bh3 Ke7 30. f3 Rc7 31. Bxe6 Kxe6 32. Red3 1/2-1/2

[Event "Europa ch s-14"]
[Site "Herceg Novi MNT"]
[Date "2008.09.19"]
[Round "5.9"]
[White "Doros, Radu Marian"]
[Black "Mokhov, Vladimir"]
[Result "0-1"]
[WhiteElo "2051"]
[BlackElo "2201"]
[PlyCount "66"]
[EventDate "2008.09.15"]
[EventType "swiss"]
[EventRounds "9"]
[Source "lmi"]
[SourceDate "2008.09.15"]

1. e4 c5 2. Nf3 d6 3. d4 cxd4 4. Nxd4 Nf6 5. Nc3 g6 6. Be3 Bg7 7. f3 Nc6 8. Bc4
Bd7 9. Bb3 Ne5 10. Qd2 Rb8 11. Bh6 O-O 12. O-O-O b5 13. g4 a5 14. a3 a4 15. Ba2
b4 16. axb4 Bxh6 17. Qxh6 Rxb4 18. h4 Rxd4 19. Rxd4 Nxf3 20. Rd3 Nxg4 21. Qf4
Nfe5 22. Rd2 h5 23. Nd5 Be6 24. Rg2 Bxd5 25. Bxd5 Qc7 26. Qg5 e6 27. Ba2 a3 28.
Kb1 axb2 29. Rf1 Ra8 30. Rxg4 hxg4 31. h5 Rxa2 32. Kxa2 Qa5+ 33. Kb3 Qb5+ 0-1

[Event "Europa ch s-14"]
[Site "Herceg Novi MNT"]
[Date "2008.09.19"]
[Round "5.11"]
[White "Nikologorskiy, Konstantin"]
[Black "Andreev, Sasho"]
[Result "1-0"]
[WhiteElo "2174"]
[BlackElo "2021"]
[PlyCount "77"]
[EventDate "2008.09.15"]
[EventType "swiss"]
[EventRounds "9"]
[Source "lmi"]
[SourceDate "2008.09.15"]

1. e4 c5 2. Nf3 Nc6 3. d4 cxd4 4. Nxd4 g6 5. c4 Bg7 6. Be3 Nf6 7. Nc3 O-O 8. f3
d6 9. Qd2 Bd7 10. g4 a6 11. h4 Rc8 12. Nxc6 Bxc6 13. h5 b5 14. cxb5 axb5 15.
Bxb5 Bxb5 16. Nxb5 Nd7 17. hxg6 Ne5 18. Ke2 Nc4 19. Qd3 Nxe3 20. gxf7+ Rxf7 21.
Kxe3 Bxb2 22. Rab1 Be5 23. Ke2 Qa5 24. Qb3 Rcf8 25. Rh5 Kh8 26. Rf5 Rxf5 27.
exf5 Ra8 28. a3 Bf6 29. f4 Rg8 30. g5 Qa8 31. Qf3 Qc8 32. Qd3 Bg7 33. Rh1 Rf8
34. f6 Qg4+ 35. Ke1 Qe6+ 36. Kf2 h6 37. fxg7+ Kxg7 38. gxh6+ Kh8 39. Qc3+ 1-0

[Event "Europa ch s-14"]
[Site "Herceg Novi MNT"]
[Date "2008.09.19"]
[Round "5.12"]
[White "Pintor Munoz, Antonio"]
[Black "Lagarde, Maxime"]
[Result "0-1"]
[WhiteElo "2076"]
[BlackElo "2322"]
[PlyCount "94"]
[EventDate "2008.09.15"]
[EventType "swiss"]
[EventRounds "9"]
[Source "lmi"]
[SourceDate "2008.09.15"]

1. d4 Nf6 2. c4 g6 3. Nc3 d5 4. cxd5 Nxd5 5. e4 Nxc3 6. bxc3 Bg7 7. Bc4 c5 8.
Ne2 O-O 9. O-O Nc6 10. Be3 Qc7 11. Bd3 Rd8 12. Qc1 Ne5 13. Bc2 cxd4 14. cxd4
Ng4 15. Bf4 e5 16. dxe5 Be6 17. Bb3 Qxc1 18. Raxc1 Bxb3 19. axb3 Nxe5 20. Rc7
b6 21. h3 Nd3 22. Be3 Be5 23. Rc2 Bd6 24. Rd1 Nc5 25. Bxc5 Bxc5 26. Rd5 Rxd5
27. exd5 Rd8 28. Nc3 Bd4 29. Nb5 Rxd5 30. Nxa7 Bc5 31. Nc6 Rd1+ 32. Kh2 Rb1 33.
b4 Bxb4 34. Nxb4 Rxb4 35. Rc8+ Kg7 36. Rb8 h5 37. g3 g5 38. Rb7 Kg6 39. Kg2 f6
40. Kh2 Kf5 41. Kg2 Rb5 42. Rb8 g4 43. h4 Ke4 44. Rb7 Kd5 45. Rf7 Ke6 46. Rb7
Kd6 47. Rf7 Rf5 0-1

[Event "Europa ch s-14"]
[Site "Herceg Novi MNT"]
[Date "2008.09.19"]
[Round "5.13"]
[White "Dragun, Kamil"]
[Black "Ostovic, Matija"]
[Result "1-0"]
[WhiteElo "2240"]
[BlackElo "1976"]
[PlyCount "81"]
[EventDate "2008.09.15"]
[EventType "swiss"]
[EventRounds "9"]
[Source "lmi"]
[SourceDate "2008.09.15"]

1. e4 c6 2. d4 d6 3. Nc3 Nd7 4. Be3 e5 5. Qd2 Ngf6 6. f3 Be7 7. g4 b5 8. a4 b4
9. Nce2 d5 10. g5 Nh5 11. exd5 cxd5 12. Bh3 Nb6 13. b3 Bxh3 14. Nxh3 e4 15. a5
Nc8 16. fxe4 dxe4 17. Nf2 Qd5 18. c4 bxc3 19. Nxc3 Qxb3 20. Rb1 Qc4 21. Nfxe4
Nd6 22. Qe2 Qxe2+ 23. Kxe2 O-O 24. Nxd6 Bxd6 25. Rb7 Rfe8 26. Kf3 f5 27. Nb5
Bb8 28. a6 Re4 29. Bd2 Bf4 30. Bxf4 Rxf4+ 31. Ke3 Re4+ 32. Kd2 f4 33. Re1 Rxe1
34. Kxe1 Rf8 35. Kf2 h6 36. Nxa7 hxg5 37. Nc6 g4 38. Rb8 g3+ 39. hxg3 fxg3+ 40.
Kg1 Nf4 41. Rxf8+ 1-0

[Event "Europa ch s-14"]
[Site "Herceg Novi MNT"]
[Date "2008.09.19"]
[Round "5.15"]
[White "Lortkipanidze, Nodar"]
[Black "Galopoulos, Panagiotis"]
[Result "0-1"]
[WhiteElo "2080"]
[BlackElo "2200"]
[PlyCount "52"]
[EventDate "2008.09.15"]
[EventType "swiss"]
[EventRounds "9"]
[Source "lmi"]
[SourceDate "2008.09.15"]

1. e4 c5 2. c3 Nf6 3. e5 Nd5 4. d4 cxd4 5. cxd4 d6 6. Bc4 Nb6 7. Bb5+ Bd7 8. e6
fxe6 9. Bxd7+ Qxd7 10. Nf3 Nc6 11. O-O g6 12. Nc3 Bg7 13. Re1 O-O 14. h4 Rf5
15. Ne4 Raf8 16. Neg5 e5 17. Qb3+ d5 18. dxe5 Nxe5 19. Nd4 Nbc4 20. Nxf5 Qxf5
21. Nh3 Nd3 22. Rxe7 Nxf2 23. Ng5 Bd4 24. Nf3 Ng4+ 25. Kh1 Qf6 26. Qxb7 Qxh4+
0-1

[Event "Europa ch s-14"]
[Site "Herceg Novi MNT"]
[Date "2008.09.19"]
[Round "5.17"]
[White "Meskovs, Nikita"]
[Black "Aperia, Jakob"]
[Result "1-0"]
[WhiteElo "2177"]
[BlackElo "1893"]
[PlyCount "89"]
[EventDate "2008.09.15"]
[EventType "swiss"]
[EventRounds "9"]
[Source "lmi"]
[SourceDate "2008.09.15"]

1. d4 d5 2. c4 c6 3. Nc3 Nf6 4. cxd5 cxd5 5. Bf4 Nc6 6. e3 a6 7. Rc1 Bf5 8. Nf3
e6 9. Qb3 Na5 10. Qa4+ Nc6 11. Ne5 Qb6 12. Nxc6 bxc6 13. a3 Be7 14. Nd1 Kd7 15.
Be2 Rhc8 16. O-O Ke8 17. b4 a5 18. b5 cxb5 19. Bxb5+ Kf8 20. Nc3 Nh5 21. Be5 f6
22. Bd7 Rc4 23. Qd1 fxe5 24. Qxh5 Qb2 25. Qf3 Kg8 26. Bxe6+ Bxe6 27. Nxd5 Rd8
28. Nxe7+ Kh8 29. Rcd1 exd4 30. exd4 Rc3 31. Qe4 Bc4 32. Rfe1 Rc2 33. d5 Rxf2
34. Ng6+ hxg6 35. Qh4+ Kg8 36. Qxd8+ Rf8 37. Re8 Qf2+ 38. Kh1 Rxe8 39. Qxe8+
Kh7 40. Qe4 Bb3 41. Rc1 Qf6 42. Qe3 Bxd5 43. Qh3+ Kg8 44. Rc8+ Kf7 45. Qd7+ 1-0

[Event "Europa ch s-14"]
[Site "Herceg Novi MNT"]
[Date "2008.09.19"]
[Round "5.18"]
[White "Skoulakis, Charalambos"]
[Black "Sanchez Ibern, Marc"]
[Result "0-1"]
[WhiteElo "2050"]
[BlackElo "2161"]
[PlyCount "88"]
[EventDate "2008.09.15"]
[EventType "swiss"]
[EventRounds "9"]
[Source "lmi"]
[SourceDate "2008.09.15"]

1. e4 c5 2. Nf3 d6 3. d4 Nf6 4. Nc3 cxd4 5. Nxd4 Nc6 6. Be3 Ng4 7. Bg5 h6 8.
Bh4 g5 9. Bg3 Bg7 10. Nf5 Bxf5 11. exf5 Qa5 12. Qd3 O-O 13. Be2 Nb4 14. Qd1 Nd5
15. O-O Nxc3 16. bxc3 Nf6 17. Rb1 b6 18. Qd3 Rac8 19. c4 Nd7 20. f4 Nc5 21. Qd5
Qc3 22. Bg4 Bf6 23. fxg5 hxg5 24. Bf2 Qxc2 25. Bd4 Qe4 26. Bxf6 Qxd5 27. cxd5
exf6 28. Rfe1 Rfe8 29. Rbd1 Rb8 30. Re2 b5 31. Rde1 Rxe2 32. Rxe2 Kf8 33. Re3
a5 34. h4 gxh4 35. Rh3 b4 36. Rxh4 Kg7 37. Bd1 a4 38. Rg4+ Kf8 39. Bc2 b3 40.
axb3 axb3 41. Bb1 Ra8 42. Rf4 Ra1 43. Rf1 Na4 44. Bd3 b2 0-1

[Event "Europa ch s-14"]
[Site "Herceg Novi MNT"]
[Date "2008.09.19"]
[Round "5.19"]
[White "Van Der Lende, Ilias"]
[Black "Tallo Dominguez, Imar"]
[Result "1-0"]
[WhiteElo "1978"]
[BlackElo "2129"]
[PlyCount "51"]
[EventDate "2008.09.15"]
[EventType "swiss"]
[EventRounds "9"]
[Source "lmi"]
[SourceDate "2008.09.15"]

1. e4 c5 2. c3 Nf6 3. e5 Nd5 4. d4 cxd4 5. Nf3 Nc6 6. cxd4 d6 7. Bc4 Nb6 8. Bb5
dxe5 9. Bxc6+ bxc6 10. Nxe5 Qc7 11. Bf4 Nd5 12. Bg3 e6 13. Qf3 Bd6 14. Nd2 O-O
15. Nec4 Bxg3 16. hxg3 f5 17. Nb3 Ba6 18. Ne5 Qb7 19. O-O-O Rab8 20. Rxh7 Nf6
21. Rh4 Rfc8 22. Rdh1 Kf8 23. Rh8+ Ke7 24. Rxc8 Rxc8 25. Nc5 Qb5 26. Qa3 1-0

[Event "Europa ch s-14"]
[Site "Herceg Novi MNT"]
[Date "2008.09.19"]
[Round "5.20"]
[White "Sarchisov, Slavik"]
[Black "Baboyan, Eduard"]
[Result "1/2-1/2"]
[WhiteElo "2022"]
[BlackElo "2125"]
[PlyCount "81"]
[EventDate "2008.09.15"]
[EventType "swiss"]
[EventRounds "9"]
[Source "lmi"]
[SourceDate "2008.09.15"]

1. e4 c5 2. Nf3 Nc6 3. Nc3 g6 4. d4 cxd4 5. Nxd4 Bg7 6. Nb3 Nf6 7. Bc4 d6 8.
O-O O-O 9. Re1 a6 10. a4 Qc7 11. Bf1 Be6 12. Bg5 h6 13. Bh4 Ne5 14. a5 Rac8 15.
f3 Nc4 16. Bxc4 Bxc4 17. Bf2 Nd7 18. Bd4 e5 19. Be3 f5 20. Nd2 Be6 21. Nf1 Nf6
22. Qd2 Qc6 23. Bxh6 fxe4 24. fxe4 Ng4 25. Be3 Rf7 26. Rad1 Rcf8 27. Ng3 Nxe3
28. Qxe3 Bg4 29. Rd3 Bf6 30. Qb6 Qc5+ 31. Qxc5 dxc5 32. Rd5 Bg5 33. Rxe5 Bd2
34. Rb1 Rf2 35. Nf5 Bf4 36. Re6 Bxf5 37. exf5 Rxc2 38. Rxg6+ Kh7 39. Nd5 Rxf5
40. Nxf4 Rxf4 41. Rg3 1/2-1/2

[Event "Europa ch s-14"]
[Site "Herceg Novi MNT"]
[Date "2008.09.19"]
[Round "5.23"]
[White "Malureanu, Costin George"]
[Black "Horvat, Dan-Sebastian"]
[Result "1-0"]
[WhiteElo "1858"]
[BlackElo "2096"]
[PlyCount "85"]
[EventDate "2008.09.15"]
[EventType "swiss"]
[EventRounds "9"]
[Source "lmi"]
[SourceDate "2008.09.15"]

1. e4 c5 2. Nf3 e6 3. d4 cxd4 4. Nxd4 a6 5. Nc3 Qc7 6. Be3 Nf6 7. Bd3 Bb4 8.
Bd2 Be7 9. f4 d6 10. Qf3 O-O 11. Nb3 Nc6 12. O-O b5 13. Kh1 Bb7 14. a4 b4 15.
Ne2 e5 16. f5 Rfd8 17. c4 bxc3 18. Bxc3 d5 19. exd5 Nxd5 20. Qh3 h6 21. Be4 Nf6
22. Bc2 Nb4 23. Rfc1 Qc4 24. Ng1 Nxc2 25. Na5 Ng4 26. Rxc2 Qe4 27. Nxb7 Qxc2
28. Qxg4 Rd5 29. Na5 Rad8 30. Nc6 Rd1 31. Nxe7+ Kf8 32. Rxd1 Rxd1 33. Qb4 Ke8
34. Nc6 Rxg1+ 35. Kxg1 Qc1+ 36. Kf2 Qc2+ 37. Ke3 Qc1+ 38. Kd3 Qf1+ 39. Ke3 Qc1+
40. Ke4 Qc2+ 41. Kxe5 f6+ 42. Kd6 Qe2 43. Kc7 1-0

[Event "Europa ch s-14"]
[Site "Herceg Novi MNT"]
[Date "2008.09.19"]
[Round "5.25"]
[White "Golikov, Sergej"]
[Black "Danilenko, Dmitriy"]
[Result "0-1"]
[WhiteElo "1962"]
[BlackElo "2209"]
[PlyCount "56"]
[EventDate "2008.09.15"]
[EventType "swiss"]
[EventRounds "9"]
[Source "lmi"]
[SourceDate "2008.09.15"]

1. e4 c5 2. Nf3 d6 3. d4 cxd4 4. Nxd4 Nf6 5. Nc3 g6 6. Be3 Bg7 7. f3 Nc6 8. Qd2
O-O 9. Bc4 Bd7 10. Bb3 Rc8 11. h4 h5 12. O-O-O Ne5 13. Bg5 Rc5 14. g4 hxg4 15.
h5 Nxh5 16. Rxh5 gxh5 17. Qh2 Nd3+ 18. cxd3 Rxg5 19. f4 e5 20. fxg5 Qxg5+ 21.
Kb1 exd4 22. Nd5 Be5 23. Qg2 Kg7 24. Rf1 h4 25. Bd1 h3 26. Qf2 g3 27. Rg1 Rc8
28. Be2 Rc1+ 0-1

[Event "Europa ch s-14"]
[Site "Herceg Novi MNT"]
[Date "2008.09.19"]
[Round "5.29"]
[White "Malamatas, Konstantinos"]
[Black "Talipov, Nafis"]
[Result "1-0"]
[WhiteElo "1897"]
[BlackElo "2029"]
[PlyCount "59"]
[EventDate "2008.09.15"]
[EventType "swiss"]
[EventRounds "9"]
[Source "lmi"]
[SourceDate "2008.09.15"]

1. e4 c6 2. d4 d5 3. e5 Bf5 4. Nc3 e6 5. g4 Bg6 6. Nge2 c5 7. h4 h6 8. Be3 Nc6
9. f4 h5 10. f5 exf5 11. gxf5 Bxf5 12. Qd2 Nb4 13. O-O-O c4 14. Nf4 Ne7 15. Bg2
Bxc2 16. Nb5 Nec6 17. Nxd5 Bf5 18. Nbc7+ Kd7 19. Qf2 Nxd5 20. Nxd5 Be6 21. Nc3
Nb4 22. d5 Nd3+ 23. Rxd3 cxd3 24. dxe6+ fxe6 25. Rd1 Kc8 26. Qf7 Qe7 27. Qg6 a6
28. Rxd3 Kc7 29. Qe4 Qb4 30. Rd4 1-0

[Event "Europa ch s-14"]
[Site "Herceg Novi MNT"]
[Date "2008.09.19"]
[Round "5.30"]
[White "Litvinov, Konstantin"]
[Black "Kraus, Tomas"]
[Result "0-1"]
[WhiteElo "1752"]
[BlackElo "2024"]
[PlyCount "72"]
[EventDate "2008.09.15"]
[EventType "swiss"]
[EventRounds "9"]
[Source "lmi"]
[SourceDate "2008.09.15"]

1. d4 Nf6 2. c4 g6 3. Nc3 d5 4. Nf3 Bg7 5. Bg5 dxc4 6. e3 O-O 7. Bxc4 b6 8.
Bxf6 Bxf6 9. Ne4 Bg7 10. Qb3 h6 11. Rc1 Bb7 12. Bd3 Bd5 13. Qc2 Nc6 14. a3 e5
15. Nxe5 Nxe5 16. dxe5 Bxe5 17. O-O f5 18. Nc3 Bb7 19. f4 Bg7 20. e4 Qd4+ 21.
Rf2 fxe4 22. Bxe4 Bxe4 23. Qxe4 Qxe4 24. Nxe4 Bd4 25. g3 Bxf2+ 26. Nxf2 c5 27.
Ng4 Kg7 28. Ne5 Rfd8 29. b4 Rac8 30. b5 Rd4 31. Nc6 Ra4 32. Rd1 Rc7 33. Rd3 c4
34. Rc3 a6 35. Nd4 Rd7 36. Nc2 Rd3 0-1

[Event "Europa ch s-14"]
[Site "Herceg Novi MNT"]
[Date "2008.09.21"]
[Round "6.1"]
[White "Grigoryan, Karen H"]
[Black "Bajarani, Ulvi"]
[Result "1/2-1/2"]
[WhiteElo "2097"]
[BlackElo "2202"]
[PlyCount "110"]
[EventDate "2008.09.15"]
[EventType "swiss"]
[EventRounds "9"]
[Source "lmi"]
[SourceDate "2008.09.15"]

1. e4 e6 2. d4 d5 3. Nc3 Nf6 4. Bg5 Be7 5. e5 Nfd7 6. h4 O-O 7. f4 c5 8. Nf3
Nc6 9. Qd2 f6 10. exf6 Bxf6 11. dxc5 h6 12. Bxf6 Qxf6 13. g3 Nxc5 14. O-O-O a6
15. Qe3 b6 16. Bh3 Bd7 17. Rhe1 Rae8 18. h5 Re7 19. Bg4 Rd8 20. Qg1 Ree8 21.
Ne5 Nxe5 22. Rxe5 Rc8 23. Rde1 Red8 24. Kb1 Kh8 25. Qe3 Qf8 26. Qd4 b5 27. a3
a5 28. Rf1 Qf6 29. Rf3 Na6 30. Qe3 d4 31. Qxd4 Bc6 32. Qb6 Bxf3 33. Bxf3 Nc7
34. Bb7 Nd5 35. Nxd5 exd5 36. Re6 Qf5 37. Bxc8 Rxc8 38. Rc6 Rxc6 39. Qxc6 Qxh5
40. Qxb5 Qd1+ 41. Ka2 Qxc2 42. Qxd5 a4 43. g4 g6 44. Qf7 h5 45. Qf8+ Kh7 46.
Qf7+ Kh8 47. Qe8+ Kg7 48. Qd7+ Kg8 49. Qd8+ Kh7 50. Qd7+ Kg8 51. Qd8+ Kh7 52.
Qe7+ Kg8 53. Qe8+ Kh7 54. Qd7+ Kg8 55. Qe8+ Kh7 1/2-1/2

[Event "Europa ch s-14"]
[Site "Herceg Novi MNT"]
[Date "2008.09.21"]
[Round "6.2"]
[White "Bukavshin, Ivan"]
[Black "Grib, Roman"]
[Result "1-0"]
[WhiteElo "2350"]
[BlackElo "2033"]
[PlyCount "123"]
[EventDate "2008.09.15"]
[EventType "swiss"]
[EventRounds "9"]
[Source "lmi"]
[SourceDate "2008.09.15"]

1. d4 Nf6 2. c4 g6 3. Nc3 d5 4. cxd5 Nxd5 5. e4 Nxc3 6. bxc3 Bg7 7. Bc4 c5 8.
Ne2 O-O 9. O-O cxd4 10. cxd4 Nc6 11. Be3 Bg4 12. f3 Na5 13. Bd3 Bd7 14. Qd2 Rc8
15. Rac1 Nc6 16. d5 Ne5 17. Rxc8 Bxc8 18. Bxa7 Nxd3 19. Qxd3 Qa5 20. Bd4 Qxa2
21. Bxg7 Kxg7 22. Qd4+ Kg8 23. Nc3 Qa5 24. e5 b6 25. Rb1 Bd7 26. Ne4 Bf5 27.
Ra1 Qb5 28. Nc3 Qb2 29. Ra2 Qc1+ 30. Kf2 Rc8 31. Ne2 Qc5 32. Rb2 Bd7 33. Rxb6
Qxd4+ 34. Nxd4 Rc5 35. d6 Rxe5 36. Rb7 Ba4 37. d7 Bxd7 38. Rxd7 Kf8 39. h3 Rc5
40. Rd8+ Kg7 41. Re8 Rc7 42. Ne2 Rd7 43. Nc3 Kf6 44. Ke3 Kg7 45. Ne4 Rb7 46.
Rd8 Rc7 47. g4 h6 48. h4 Rb7 49. Re8 Rc7 50. g5 hxg5 51. hxg5 Rb7 52. Kd4 Rd7+
53. Kc4 Ra7 54. Kb5 Rb7+ 55. Kc6 Ra7 56. f4 f6 57. Rxe7+ Rxe7 58. gxf6+ Kf7 59.
fxe7 Kxe7 60. Kd5 Kd7 61. Ke5 Ke7 62. Ng5 1-0

[Event "Europa ch s-14"]
[Site "Herceg Novi MNT"]
[Date "2008.09.21"]
[Round "6.4"]
[White "Kovalev, Vladislav"]
[Black "Nikologorskiy, Konstantin"]
[Result "1-0"]
[WhiteElo "2315"]
[BlackElo "2174"]
[PlyCount "105"]
[EventDate "2008.09.15"]
[EventType "swiss"]
[EventRounds "9"]
[Source "lmi"]
[SourceDate "2008.09.15"]

1. e4 c5 2. Nf3 d6 3. d4 cxd4 4. Nxd4 Nf6 5. Nc3 a6 6. Be3 e5 7. Nb3 Be6 8. f3
Be7 9. Qd2 Nc6 10. Nd5 Bxd5 11. exd5 Nb8 12. Be2 O-O 13. O-O Nbd7 14. c4 b6 15.
f4 Ne4 16. Qc2 Nec5 17. fxe5 Nxb3 18. Qxb3 dxe5 19. Rad1 Bd6 20. Qc2 g6 21. Bh6
Re8 22. Bg4 e4 23. Rxf7 Qh4 24. Be6 Qxh2+ 25. Kf1 Qxh6 26. Rxd7+ Rxe6 27. dxe6
Qh1+ 28. Kf2 Qh4+ 29. Ke2 Qh5+ 30. Kd2 Qg5+ 31. Ke1 Bg3+ 32. Ke2 Qg4+ 33. Kd2
e3+ 34. Kxe3 Qxe6+ 35. Kf3 Bh4 36. R7d4 g5 37. Rd8+ Rxd8 38. Rxd8+ Kg7 39. Rd5
g4+ 40. Kf4 h6 41. Qf5 Bg5+ 42. Kxg4 Qe2+ 43. Kg3 Qe3+ 44. Qf3 Qe1+ 45. Kh2
Qh4+ 46. Qh3 Bf4+ 47. g3 Bxg3+ 48. Kg2 Qxh3+ 49. Kxh3 Bf4 50. b4 Kf6 51. c5
bxc5 52. bxc5 Ke6 53. Rd3 1-0

[Event "Europa ch s-14"]
[Site "Herceg Novi MNT"]
[Date "2008.09.21"]
[Round "6.5"]
[White "Mokhov, Vladimir"]
[Black "Sochacki, Christophe"]
[Result "1/2-1/2"]
[WhiteElo "2201"]
[BlackElo "2221"]
[PlyCount "85"]
[EventDate "2008.09.15"]
[EventType "swiss"]
[EventRounds "9"]
[Source "lmi"]
[SourceDate "2008.09.15"]

1. Nf3 Nf6 2. g3 d6 3. d4 g6 4. Bg2 Bg7 5. O-O O-O 6. c4 Nbd7 7. Nc3 e5 8. h3
Qe7 9. e4 c6 10. Re1 a6 11. d5 cxd5 12. cxd5 Nh5 13. a4 h6 14. Bd2 Qe8 15. b4
f5 16. exf5 gxf5 17. Nd4 Ndf6 18. Ne6 Bxe6 19. dxe6 Qxe6 20. Bxb7 Rab8 21. Bf3
Qf7 22. Rb1 Kh8 23. Qb3 Qg6 24. Nd5 Nxd5 25. Qxd5 Nf6 26. Qb3 f4 27. Bg2 Rf7
28. b5 axb5 29. axb5 fxg3 30. fxg3 Nh5 31. Be4 Qxg3+ 32. Qxg3 Nxg3 33. Bd5 Rc7
34. Be3 Rc2 35. Ba7 e4 36. Bxe4 Ra2 37. Bf2 Nxe4 38. Rxe4 Rf8 39. Rf1 Rb2 40.
b6 d5 41. Rg4 Be5 42. Bd4 Bxd4+ 43. Rxd4 1/2-1/2

[Event "Europa ch s-14"]
[Site "Herceg Novi MNT"]
[Date "2008.09.21"]
[Round "6.6"]
[White "Lagarde, Maxime"]
[Black "Srbis, Jurica"]
[Result "1-0"]
[WhiteElo "2322"]
[BlackElo "2116"]
[PlyCount "119"]
[EventDate "2008.09.15"]
[EventType "swiss"]
[EventRounds "9"]
[Source "lmi"]
[SourceDate "2008.09.15"]

1. e4 c5 2. Nf3 g6 3. d4 cxd4 4. Nxd4 Nc6 5. c4 Nf6 6. Nc3 d6 7. Be2 Nxd4 8.
Qxd4 Bg7 9. Be3 O-O 10. Qd2 a5 11. O-O Bd7 12. b3 Bc6 13. f3 Nd7 14. Rab1 Nc5
15. Rfc1 b6 16. Bd1 Qb8 17. a3 Rc8 18. b4 axb4 19. axb4 Nd7 20. Nd5 Bxd5 21.
cxd5 Qb7 22. Be2 Rxc1+ 23. Rxc1 Rc8 24. Bb5 Nb8 25. g4 Rc7 26. Kf2 Qc8 27. Rxc7
Qxc7 28. Qc1 Qb7 29. Qc4 h6 30. f4 Qa7 31. f5 Kh7 32. Be8 Be5 33. Bxf7 Kg7 34.
Be6 Qb7 35. Qb5 Qc7 36. Qd3 Bxh2 37. fxg6 Qd8 38. Qd2 Qf8+ 39. Bf7 Qh8 40. Be6
Be5 41. Kg2 Kxg6 42. Bf5+ Kg7 43. b5 Bf6 44. Bxb6 Qe8 45. Qa5 h5 46. gxh5 Qxh5
47. Qa3 Be5 48. Qh3 Qe2+ 49. Bf2 Bd4 50. Qg4+ Qxg4+ 51. Bxg4 Bxf2 52. Kxf2 Kf6
53. Ke3 Ke5 54. Bf5 Kf6 55. Kd4 Kf7 56. Kc4 Ke8 57. Kb4 Kd8 58. Ka5 Kc7 59. b6+
Kd8 60. Be6 1-0

[Event "Europa ch s-14"]
[Site "Herceg Novi MNT"]
[Date "2008.09.21"]
[Round "6.7"]
[White "Sanchez Ibern, Marc"]
[Black "Dragun, Kamil"]
[Result "1/2-1/2"]
[WhiteElo "2161"]
[BlackElo "2240"]
[PlyCount "78"]
[EventDate "2008.09.15"]
[EventType "swiss"]
[EventRounds "9"]
[Source "lmi"]
[SourceDate "2008.09.15"]

1. e4 c5 2. Nf3 d6 3. d4 cxd4 4. Nxd4 Nf6 5. Nc3 Nc6 6. Bg5 e6 7. Qd2 a6 8.
O-O-O Bd7 9. f4 h6 10. Bh4 g5 11. fxg5 Ng4 12. Nf3 Be7 13. Kb1 Nge5 14. Be2
Nxf3 15. gxf3 hxg5 16. Bg3 Ne5 17. f4 gxf4 18. Bxf4 Qc7 19. h4 O-O-O 20. h5 Bc6
21. Rh3 Kb8 22. Rg1 Bf6 23. Bg5 Bxg5 24. Qxg5 d5 25. exd5 Bxd5 26. Nxd5 Rxd5
27. Rc3 Qd6 28. Qg7 Rd8 29. a3 Rd2 30. Bd3 Nxd3 31. Rxd3 Rxd3 32. cxd3 Qxd3+
33. Ka1 Qf3 34. h6 Rd1+ 35. Rxd1 Qxd1+ 36. Ka2 Qd5+ 37. b3 Qd2+ 38. Ka1 Qd1+
39. Kb2 Qd2+ 1/2-1/2

[Event "Europa ch s-14"]
[Site "Herceg Novi MNT"]
[Date "2008.09.21"]
[Round "6.8"]
[White "Moiseenko, Vadim"]
[Black "Seegert, Kristian"]
[Result "1/2-1/2"]
[WhiteElo "2225"]
[BlackElo "2024"]
[PlyCount "80"]
[EventDate "2008.09.15"]
[EventType "swiss"]
[EventRounds "9"]
[Source "lmi"]
[SourceDate "2008.09.15"]

1. e4 e5 2. Nc3 Nf6 3. f4 d5 4. fxe5 Nxe4 5. Nf3 Nc6 6. d3 Nxc3 7. bxc3 d4 8.
cxd4 Bb4+ 9. Bd2 Bxd2+ 10. Qxd2 Nxd4 11. c3 Nxf3+ 12. gxf3 f6 13. d4 fxe5 14.
Bc4 Qh4+ 15. Qf2 Qf4 16. O-O Bh3 17. Rfe1 O-O-O 18. Rxe5 Rhf8 19. Rh5 Bg4 20.
Rh4 h5 21. Be6+ Kb8 22. Bxg4 hxg4 23. Rxg4 Qxf3 24. Qxf3 Rxf3 25. Rc1 Rd7 26.
Rf1 Rxf1+ 27. Kxf1 c5 28. dxc5 Kc7 29. Rg6 Rd1+ 30. Ke2 Ra1 31. Kd3 Rxa2 32. h4
Rh2 33. Rg4 Rh3+ 34. Kd4 g6 35. Kc4 Kd7 36. Kb4 Kc7 37. Kb5 Kd7 38. Kc4 Kc7 39.
Kb4 Kd7 40. Kb5 Kc7 1/2-1/2